| Tag |
First Indicator |
Second Indicator |
Subfields |
| LEADER |
00000cas a2200000 u 4500 |
| 001 |
in00004484621 |
| 005 |
20191203081440.0 |
| 008 |
971031c19979999gauuu | 0|| |0eng d |
| 035 |
|
|
|a (OCoLC)ocn39440720
|
| 035 |
|
|
|z (UtOrBLW)24267
|
| 035 |
|
|
|a 37776
|
| 040 |
|
|
|a TMV
|b eng
|c TMV
|d OCLCQ
|d UPM
|d UAB
|d OCLCQ
|d UtOrBLW
|
| 043 |
|
|
|a n-us---
|
| 049 |
|
|
|a TMVM
|
| 096 |
|
|
|a W 40 AA1
|b S797
|
| 245 |
0 |
0 |
|a State medical licensure guidelines :
|b information manual for MD and DO physicians in the United States of America.
|
| 264 |
|
1 |
|a Atlanta, GA :
|b St. Barthelemy Press, Ltd.,
|c [1996?]-
|
| 264 |
|
4 |
|c ©1996
|
| 300 |
|
|
|a volumes ;
|c 28 cm.
|
| 336 |
|
|
|a text
|2 rdacontent
|b txt
|
| 337 |
|
|
|a unspecified
|2 rdamedia
|
| 338 |
|
|
|a unspecified
|2 rdacarrier
|b zu
|
| 500 |
|
|
|a Description based on: 1997.
|
| 500 |
|
|
|a "Derived from each state's medical licensure application, instructions, rules and regulations for MD and DO physicians. This publication is not a substitute for each state's medical licensure application, instructions, rules and regulations."
|
| 650 |
|
2 |
|a Licensure, Medical.
|
| 651 |
|
2 |
|a United States.
|
| 999 |
|
|
|a MARS
|
| 999 |
f |
f |
|s 4262aec0-e348-34bf-90d1-c7e33d503674
|i 01b29156-a2e8-3fc1-8bb9-1f06f9a1ad1f
|t 0
|
| 952 |
f |
f |
|p ric
|a Texas A&M University
|b Rellis Campus
|c Joint Library Facility
|d Remote Storage
|t 0
|e W 40 AA1 S797
|h National Library of Medicine classification
|i unspecified -- unspecified
|l 1997
|m 3238901227969
|
| 952 |
f |
f |
|p ric
|a Texas A&M University
|b Rellis Campus
|c Joint Library Facility
|d Remote Storage
|t 0
|e W 40 AA1 S797
|h National Library of Medicine classification
|i unspecified -- unspecified
|l 2003
|m 3238901792258
|
| 998 |
f |
f |
|a W 40 AA1 S797
|s 1997,2003
|t 0
|l Remote Storage
|